[Event "4th EUR-ch"]
[Site "Istanbul TUR"]
[Date "2003.06.06"]
[Round "7.57"]
[White "Mastrovasilis, Athanasios"]
[Black "Izoria, Zviad"]
[Result "1/2-1/2"]
[WhiteElo "2487"]
[BlackElo "2569"]
[EventDate "2003.05.30"]
[PlyCount "23"]

1.d4 Nf6 2.c4 e6 3.g3 d5 4.Nf3 dxc4 5.Bg2 Nc6 6.Qa4 Bb4+ 7.Bd2 Bd6 8.O-O 
O-O 9.Qxc4 e5 10.d5 Ne7 11.Nc3 h6 12.Rfd1 1/2-1/2

[Event "4th EUR-ch"]
[Site "Istanbul TUR"]
[Date "2003.06.06"]
[Round "7.58"]
[White "Atalik, Suat"]
[Black "Solak, Dragan"]
[Result "1-0"]
[WhiteElo "2568"]
[BlackElo "2514"]
[EventDate "2003.05.30"]
[PlyCount "81"]

1.d4 d6 2.Nf3 g6 3.c4 Bg7 4.Nc3 Nf6 5.g3 O-O 6.Bg2 Nbd7 7.O-O e5 8.e4 c6 
9.b3 Re8 10.h3 a5 11.Be3 exd4 12.Nxd4 Nc5 13.Qc2 Qe7 14.Rae1 Nfxe4 15.Nxe4
Nxe4 16.Bxe4 Qxe4 17.Bd2 Qxe1 18.Rxe1 Rxe1+ 19.Bxe1 Bxd4 20.Qe4 Be5 21.f4 
Bf5 22.Qe3 Bf6 23.g4 Bb1 24.Qb6 Re8 25.Bf2 Re2 26.Qxb7 Bxa2 27.Qb8+ Kg7 
28.Qxd6 Rxf2 29.Kxf2 Bxb3 30.Qxc6 a4 31.Qb5 Be7 32.Ke2 f5 33.g5 Kf8 34.c5 
Bf7 35.Qb8+ Kg7 36.Qe5+ Kf8 37.Qh8+ Bg8 38.c6 a3 39.c7 a2 40.c8=Q+ Kf7 41.
Qhxg8# 1-0

[Event "4th EUR-ch"]
[Site "Istanbul TUR"]
[Date "2003.06.06"]
[Round "7.59"]
[White "Comas i Fabrego, Lluis"]
[Black "Jobava, Baadur"]
[Result "1-0"]
[WhiteElo "2490"]
[BlackElo "2566"]
[EventDate "2003.05.30"]
[PlyCount "71"]

1.d4 Nf6 2.c4 g6 3.Nc3 Bg7 4.e4 d6 5.Nf3 O-O 6.h3 Na6 7.g3 c5 8.Bg2 cxd4 
9.Nxd4 Qb6 10.Ndb5 Be6 11.b3 Nc5 12.O-O a6 13.Nd4 Nfxe4 14.Nxe4 Nxe4 15.
Be3 Nc5 16.Nxe6 fxe6 17.Rb1 Qc7 18.h4 Rf5 19.Bh3 Re5 20.Bf4 Re4 21.b4 Nd7 
22.Qd3 Nf6 23.Bg5 e5 24.Bxf6 Rd4 25.Be6+ Kh8 26.Bxg7+ Kxg7 27.Qe3 b5 28.
cxb5 axb5 29.Rbc1 Qb7 30.Rfd1 Rxd1+ 31.Rxd1 Rf8 32.Bd5 Qc8 33.Rc1 Qd7 34.
a3 Qf5 35.Rc7 Qf6 36.Qa7 1-0

[Event "4th EUR-ch"]
[Site "Istanbul TUR"]
[Date "2003.06.06"]
[Round "7.60"]
[White "Kritz, Leonid"]
[Black "Schandorff, Lars"]
[Result "1-0"]
[WhiteElo "2468"]
[BlackElo "2563"]
[EventDate "2003.05.30"]
[PlyCount "103"]

1.e4 c6 2.c4 d5 3.exd5 cxd5 4.cxd5 Nf6 5.Nf3 Nxd5 6.Bc4 e6 7.O-O Be7 8.d4 
O-O 9.Nc3 b6 10.Qe2 Bb7 11.Re1 Nc6 12.Nxd5 exd5 13.Bb5 Bf6 14.Be3 Qd6 15.
a3 a6 16.Bd3 Rfe8 17.Qd2 Qd7 18.Rad1 Rac8 19.h3 g6 20.Bg5 Bg7 21.Bh6 Rxe1+
22.Rxe1 Re8 23.Rxe8+ Qxe8 24.Qf4 Qb8 25.Qe3 Qd8 26.Bg5 Qd7 27.h4 b5 28.h5 
Qe6 29.Qf4 f6 30.hxg6 hxg6 31.Bh6 g5 32.Qh2 Bxh6 33.Qxh6 Qe7 34.Bf5 Nd8 
35.Qh2 Nc6 36.Qg3 Kf8 37.Qh3 Nd8 38.Qh8+ Kf7 39.Bg4 Bc6 40.Qh7+ Kf8 41.Qf5
Kg7 42.Qc8 a5 43.Qa6 Qc7 44.g3 Nf7 45.Nd2 Nd6 46.Nb3 Nc4 47.Nc5 Kf7 48.b3 
Qb6 49.Qc8 Nxa3 50.Qe6+ Kg7 51.Qe7+ Kg6 52.Ne6 1-0

[Event "4th EUR-ch"]
[Site "Istanbul TUR"]
[Date "2003.06.06"]
[Round "7.61"]
[White "Nataf, Igor-Alexandre"]
[Black "Palo, Davor"]
[Result "1/2-1/2"]
[WhiteElo "2559"]
[BlackElo "2472"]
[EventDate "2003.05.30"]
[PlyCount "58"]

1.e4 c6 2.d4 d5 3.exd5 cxd5 4.c4 Nf6 5.Nc3 e6 6.c5 Be7 7.Nf3 O-O 8.Qc2 b6 
9.b4 Nc6 10.a3 bxc5 11.bxc5 e5 12.dxe5 Ng4 13.Be2 Ngxe5 14.Nxe5 Nxe5 15.
Bf4 Ng6 16.Bg3 Bxc5 17.O-O Be6 18.Rfd1 Qg5 19.Bf3 Rac8 20.Qd3 h5 21.Bxd5 
h4 22.Ne4 Qh6 23.Bd6 Bxd6 24.Bxe6 Bxh2+ 25.Kxh2 fxe6 26.Qe3 Qxe3 27.fxe3 
Rc4 28.Ng5 Rg4 29.Nxe6 Re4 1/2-1/2

[Event "4th EUR-ch"]
[Site "Istanbul TUR"]
[Date "2003.06.06"]
[Round "7.62"]
[White "Arlandi, Ennio"]
[Black "Iliushin, Alexei"]
[Result "0-1"]
[WhiteElo "2456"]
[BlackElo "2556"]
[EventDate "2003.05.30"]
[PlyCount "100"]

1.d4 e6 2.c4 f5 3.g3 Nf6 4.Bg2 c6 5.Qc2 d5 6.Nd2 Bd6 7.Nh3 O-O 8.O-O Nbd7 
9.cxd5 cxd5 10.Nf3 Nb8 11.Bf4 Nc6 12.Bxd6 Qxd6 13.Rfc1 Ne4 14.e3 Bd7 15.
Nf4 Rfc8 16.Qd1 Be8 17.a3 g5 18.Nd3 Bh5 19.Rc2 Bxf3 20.Bxf3 Nf6 21.Rac1 
Ne7 22.Rxc8+ Rxc8 23.Rxc8+ Nxc8 24.Qc1 Qd8 25.Nc5 Qe7 26.e4 dxe4 27.Bd1 b6
28.Nxe4 Nxe4 29.Qxc8+ Kg7 30.Bb3 Kf6 31.Qh8+ Kg6 32.Qe5 Nd2 33.Bd1 Nc4 34.
Qe2 Na5 35.d5 Kf6 36.b4 Nb7 37.dxe6 Qxe6 38.Qh5 Qf7 39.Qh6+ Qg6 40.Qf8+ 
Qf7 41.Qh8+ Qg7 42.Qb8 Qd7 43.Bf3 Nd8 44.Qa8 g4 45.Bd5 Ke5 46.Bg8 Nc6 47.
Kg2 h6 48.Bc4 Kd4 49.Ba6 Qd5+ 50.Kg1 Ne5 0-1

[Event "4th EUR-ch"]
[Site "Istanbul TUR"]
[Date "2003.06.06"]
[Round "7.63"]
[White "Hug, Werner"]
[Black "Minasian, Artashes"]
[Result "1/2-1/2"]
[WhiteElo "2453"]
[BlackElo "2555"]
[EventDate "2003.05.30"]
[PlyCount "43"]

1.Nf3 g6 2.d4 Bg7 3.c3 Nf6 4.Bg5 d6 5.Nbd2 O-O 6.e3 Qe8 7.a4 Nbd7 8.Be2 e5
9.O-O h6 10.Bxf6 Nxf6 11.e4 Bd7 12.Qb3 Rb8 13.Rfe1 a6 14.Qa3 Nh5 15.g3 Qc8
16.b4 Bh3 17.Nh4 Bg4 18.Ndf3 Qe6 19.Qa2 Rbd8 20.Nd2 Qxa2 21.Rxa2 Bxe2 22.
Rxe2 1/2-1/2

[Event "4th EUR-ch"]
[Site "Istanbul TUR"]
[Date "2003.06.06"]
[Round "7.64"]
[White "Kilicaslan, Hasan"]
[Black "Spasov, Vasil"]
[Result "1/2-1/2"]
[WhiteElo "2260"]
[BlackElo "2555"]
[EventDate "2003.05.30"]
[PlyCount "82"]

1.Nf3 Nf6 2.g3 g6 3.Bg2 Bg7 4.O-O O-O 5.c4 d6 6.Nc3 e5 7.d3 h6 8.Rb1 a5 9.
a3 Nc6 10.b4 axb4 11.axb4 Be6 12.b5 Ne7 13.e4 Nd7 14.Nd5 c6 15.bxc6 bxc6 
16.Nxe7+ Qxe7 17.Rb7 Rfb8 18.Rxb8+ Rxb8 19.Be3 Nc5 20.Qc2 Na6 21.d4 Nb4 
22.Qd2 exd4 23.Bxd4 c5 24.Bxg7 Kxg7 25.e5 d5 26.cxd5 Nxd5 27.Nh4 Rd8 28.f4
c4 29.Qf2 Nc3 30.f5 gxf5 31.Nxf5+ Bxf5 32.Qxf5 Ne2+ 33.Kh1 Qe6 34.Qh5 Rd2 
35.Be4 Qd7 36.Rf6 Rd1+ 37.Kg2 Rg1+ 38.Kf3 Rf1+ 39.Kg2 Rg1+ 40.Kf3 Rf1+ 41.
Kg2 Rg1+ 1/2-1/2

[Event "4th EUR-ch"]
[Site "Istanbul TUR"]
[Date "2003.06.06"]
[Round "7.65"]
[White "Volkmann, Friedrich"]
[Black "Fridmans, Daniels"]
[Result "0-1"]
[WhiteElo "2435"]
[BlackElo "2621"]
[EventDate "2003.05.30"]
[PlyCount "102"]

1.e4 c5 2.Nf3 d6 3.d4 cxd4 4.Nxd4 Nf6 5.Nc3 g6 6.Be3 Bg7 7.f3 a6 8.Qd2 
Nbd7 9.O-O-O h5 10.Bc4 b5 11.Bd5 Nxd5 12.exd5 Bb7 13.Bg5 Nf6 14.Nc6 Bxc6 
15.dxc6 Rc8 16.Bxf6 Bxf6 17.Nd5 Rxc6 18.Nxf6+ exf6 19.Rhe1+ Kf8 20.Re4 h4 
21.h3 Rh5 22.Rd4 Kg7 23.Rxd6 Rxd6 24.Qxd6 Qe8 25.b3 Rg5 26.Rd2 Qe1+ 27.Kb2
b4 28.f4 Rg3 29.a3 bxa3+ 30.Kxa3 Qa1+ 31.Kb4 Re3 32.Qd4 Qe1 33.Ka3 Re4 34.
Qc3 Re2 35.Rd3 Qc1+ 36.Qb2 Qxf4 37.Rd4 Qf2 38.Rc4 Qxg2 39.Qc3 Qf2 40.Rc8 
Qf5 41.Rc5 Qf4 42.Rc8 Re5 43.Rc4 Qc1+ 44.Ka4 Re3 45.Qd4 Rxh3 46.Rc6 Qf1 
47.c4 Rf3 48.Rxa6 h3 49.Ra7 h2 50.Qd7 Qa1+ 51.Kb4 Qxa7 0-1

[Event "4th EUR-ch"]
[Site "Istanbul TUR"]
[Date "2003.06.06"]
[Round "7.66"]
[White "Efimenko, Zahar"]
[Black "San Segundo Carrillo, Pablo"]
[Result "1-0"]
[WhiteElo "2599"]
[BlackElo "2515"]
[EventDate "2003.05.30"]
[PlyCount "37"]

1.e4 c5 2.Nf3 Nc6 3.d4 cxd4 4.Nxd4 Nf6 5.Nc3 e5 6.Ndb5 d6 7.Bg5 a6 8.Na3 
b5 9.Bxf6 gxf6 10.Nd5 f5 11.Bd3 Be6 12.O-O Bxd5 13.exd5 Ne7 14.c3 Bg7 15.
Qh5 e4 16.Be2 O-O 17.Nc2 f4 18.Qg5 f5 19.Rad1 1-0

[Event "4th EUR-ch"]
[Site "Istanbul TUR"]
[Date "2003.06.06"]
[Round "7.67"]
[White "Istratescu, Andrei"]
[Black "Grigoriants, Sergei"]
[Result "1/2-1/2"]
[WhiteElo "2593"]
[BlackElo "2506"]
[EventDate "2003.05.30"]
[PlyCount "66"]

1.d4 Nf6 2.c4 g6 3.Nc3 Bg7 4.e4 d6 5.f3 O-O 6.Be3 Nbd7 7.Nh3 c5 8.Qd2 cxd4
9.Bxd4 a6 10.Nf2 Qc7 11.Rc1 e6 12.Be2 b6 13.O-O Bb7 14.Rfd1 Rfd8 15.Be3 
Ne8 16.Bh6 Rac8 17.Bxg7 Kxg7 18.b3 Ndf6 19.Qd4 Qc5 20.Qxc5 bxc5 21.a3 Nd7 
22.b4 Ra8 23.Rb1 Kf8 24.Bd3 cxb4 25.axb4 Rdc8 26.Rb2 Ke7 27.Na4 f5 28.exf5
gxf5 29.Bf1 Nef6 30.Rbd2 Rab8 31.Re1 Ba8 32.b5 axb5 33.cxb5 Ne8 1/2-1/2

[Event "4th EUR-ch"]
[Site "Istanbul TUR"]
[Date "2003.06.06"]
[Round "7.68"]
[White "Markowski, Tomasz"]
[Black "De Vreugt, Dennis"]
[Result "1-0"]
[WhiteElo "2587"]
[BlackElo "2503"]
[EventDate "2003.05.30"]
[PlyCount "235"]

1.g3 e5 2.c4 Nf6 3.Bg2 d5 4.cxd5 Nxd5 5.Nf3 Nc6 6.O-O Nb6 7.Nc3 Be7 8.a4 
a5 9.d3 O-O 10.Be3 Be6 11.Nd2 Rb8 12.Nb3 Nd5 13.Nxd5 Bxd5 14.Bxd5 Qxd5 15.
Rc1 Bd6 16.Qc2 Nb4 17.Qc4 b6 18.Nd2 c6 19.Qh4 f6 20.Nc4 Bc7 21.Bd2 Na6 22.
Ne3 Qe6 23.Qc4 Qxc4 24.Rxc4 c5 25.Nd5 Bd6 26.f4 Rfe8 27.f5 Nc7 28.Nc3 Red8
29.g4 Be7 30.h4 b5 31.axb5 Nxb5 32.Nxb5 Rxb5 33.Bc3 Kf7 34.Kg2 Ke8 35.Kf3 
Kd7 36.Rg1 h6 37.Ra1 Ra8 38.Rca4 Bd8 39.Rh1 Kc6 40.Ke4 Rb7 41.Rha1 Kb5 42.
R4a3 Kc6 43.R3a2 Kb5 44.Ra4 Kc6 45.R1a3 Rb5 46.Ke3 Ra7 47.Kd2 Kd5 48.Kc2 
Rab7 49.b3 Ra7 50.Ra1 Ra8 51.Bd2 Rab8 52.R1a3 Ra8 53.Ra1 Ra6 54.Rg1 Ra7 
55.g5 hxg5 56.hxg5 Rab7 57.gxf6 Bxf6 58.e4+ Kd6 59.Rb1 Bd8 60.Ra3 Rb8 61.
Bc3 Ra8 62.Rg1 Bf6 63.Bd2 Kc6 64.Bg5 Rb6 65.Bd2 Kb5 66.Raa1 Rd6 67.Be3 Rh8
68.Rh1 Rhd8 69.Rhd1 Rh8 70.Bd2 Ra6 71.Rh1 Rha8 72.Ra4 Rd8 73.Rh3 Raa8 74.
Rh5 Rd6 75.Ra1 Rb6 76.Rb1 Rd6 77.Rh3 Rdd8 78.Rhh1 Rd6 79.Ra1 Rda6 80.Ra4 
Rd6 81.Bc3 Rda6 82.Rha1 R6a7 83.Kd1 Ra6 84.Ke2 R6a7 85.Kf3 Kb6 86.R4a2 Kb5
87.Bd2 Kb6 88.Be3 Rd7 89.Ke2 Kb5 90.Rc2 Rc7 91.b4 Be7 92.bxc5 Kc6 93.Rb1 
a4 94.Rb6+ Kd7 95.c6+ Ke8 96.Bc1 a3 97.Ra2 Bc5 98.Rb3 Rxc6 99.Rc3 Kd7 100.
Bxa3 Rh6 101.Rxc5 Rh2+ 102.Kf3 Rxa2 103.Bb4 Rh8 104.Rd5+ Kc6 105.Bc3 Rh3+ 
106.Kg4 Rh1 107.Bxe5 Rg1+ 108.Kf3 Rf1+ 109.Ke3 Re1+ 110.Kd4 Ra4+ 111.Kc3 
Raxe4 112.dxe4 Rxe4 113.Ra5 Rg4 114.Kd3 Kb6 115.Rd5 Kc6 116.Rd6+ Kc5 117.
Rd7 Rg5 118.Ke4 1-0

[Event "4th EUR-ch"]
[Site "Istanbul TUR"]
[Date "2003.06.06"]
[Round "7.69"]
[White "Palac, Mladen"]
[Black "Kurnosov, Igor"]
[Result "0-1"]
[WhiteElo "2587"]
[BlackElo "2500"]
[EventDate "2003.05.30"]
[PlyCount "87"]

1.e4 c5 2.Nf3 d6 3.d4 cxd4 4.Nxd4 Nf6 5.Nc3 a6 6.Bc4 e6 7.Bb3 Nbd7 8.Bg5 
Nc5 9.f4 Be7 10.Qf3 Qc7 11.O-O O-O 12.Rae1 Nxb3 13.Nxb3 b5 14.e5 Bb7 15.
Qg3 dxe5 16.fxe5 Nh5 17.Qh4 Bxg5 18.Qxg5 g6 19.a3 a5 20.Nxb5 Qb6+ 21.N3d4 
Ba6 22.c3 Bxb5 23.Rf3 Bc4 24.g4 Bd5 25.Rf2 Ng7 26.Re3 Ne8 27.Rh3 f6 28.
exf6 Nxf6 29.Rxf6 Rxf6 30.Qxf6 Qxb2 31.Qf2 Qb1+ 32.Qf1 Qe4 33.Qf3 Qb1+ 34.
Qf1 Qa2 35.Re3 Rf8 36.Qe2 Qxa3 37.Qe1 Qc5 38.h4 a4 39.h5 a3 40.hxg6 hxg6 
41.Qg3 a2 42.Re1 Ra8 43.Ra1 Qb6 44.c4 0-1

[Event "4th EUR-ch"]
[Site "Istanbul TUR"]
[Date "2003.06.06"]
[Round "7.70"]
[White "Cherniaev, Alexander"]
[Black "Hracek, Zbynek"]
[Result "0-1"]
[WhiteElo "2501"]
[BlackElo "2584"]
[EventDate "2003.05.30"]
[PlyCount "101"]

1.e4 e5 2.Nf3 Nc6 3.Bb5 Nf6 4.d3 Bc5 5.c3 O-O 6.Bg5 d6 7.Nbd2 Bd7 8.Nf1 h6
9.Be3 Bb6 10.Bxb6 axb6 11.Ne3 Ra5 12.Bc4 Ne7 13.O-O Ng6 14.g3 Ng4 15.Ng2 
Kh8 16.Nfh4 Nxh4 17.Nxh4 g5 18.Ng2 Qe7 19.Qe2 b5 20.Bb3 Raa8 21.f3 Nf6 22.
Ne3 c6 23.d4 Rae8 24.Rfe1 g4 25.dxe5 Qxe5 26.Nxg4 Bxg4 27.fxg4 Nxe4 28.Qe3
Ng5 29.Qxe5+ Rxe5 30.Rxe5 Nf3+ 31.Kg2 Nxe5 32.h3 Kg7 33.Rd1 Rd8 34.Rd2 d5 
35.Re2 Kf6 36.Bc2 d4 37.cxd4 Rxd4 38.Bf5 c5 39.Rf2 Ke7 40.Re2 Kd6 41.Kf2 
b4 42.Bc2 b5 43.Bf5 c4 44.Ke3 Kd5 45.Rf2 c3 46.b3 Rd1 47.Be4+ Ke6 48.Re2 
Kd6 49.Rf2 Ke7 50.Re2 Kd6 51.Bf3 0-1

[Event "4th EUR-ch"]
[Site "Istanbul TUR"]
[Date "2003.06.06"]
[Round "7.72"]
[White "Genov, Petar"]
[Black "Shomoev, Anton"]
[Result "1/2-1/2"]
[WhiteElo "2490"]
[BlackElo "2558"]
[EventDate "2003.05.30"]
[PlyCount "72"]

1.d4 Nf6 2.c4 g6 3.Nc3 d5 4.Nf3 Bg7 5.Bg5 dxc4 6.e4 c5 7.d5 b5 8.Bxf6 exf6
9.Nxb5 Qa5+ 10.Nc3 f5 11.e5 Nd7 12.Bxc4 O-O 13.O-O Nxe5 14.Nxe5 Bxe5 15.
Re1 Qc7 16.h3 Bd7 17.Qd3 Qd6 18.Rad1 Rab8 19.b3 Rfc8 20.a4 h5 21.Nb1 Re8 
22.Nd2 Kg7 23.Nf3 Bf6 24.Rxe8 Rxe8 25.Bb5 Re4 26.Bxd7 Qxd7 27.Qa6 g5 28.
Qc6 Qxc6 29.dxc6 Re6 30.c7 Rc6 31.Rd7 g4 32.Nd2 Be5 33.Nc4 Bxc7 34.Ne3 f4 
35.Nf5+ Kf6 36.Ne7 Re6 1/2-1/2

[Event "4th EUR-ch"]
[Site "Istanbul TUR"]
[Date "2003.06.06"]
[Round "7.73"]
[White "Conquest, Stuart"]
[Black "Rotsagov, Mihhail"]
[Result "1/2-1/2"]
[WhiteElo "2556"]
[BlackElo "2487"]
[EventDate "2003.05.30"]
[PlyCount "43"]

1.d4 d5 2.c4 dxc4 3.Nf3 Nf6 4.e3 e6 5.Bxc4 c5 6.Qe2 cxd4 7.exd4 Nc6 8.Be3 
Be7 9.Nc3 O-O 10.Rd1 Na5 11.Bd3 b6 12.O-O Bb7 13.Ng5 Rc8 14.Rfe1 Nd5 15.
Bd2 Bxg5 16.Qh5 h6 17.Nxd5 Bxd5 18.Bb4 Be7 19.Bxe7 Qxe7 20.Qxd5 exd5 21.
Rxe7 Nc6 22.Rd7 1/2-1/2

[Event "4th EUR-ch"]
[Site "Istanbul TUR"]
[Date "2003.06.06"]
[Round "7.74"]
[White "Mastrovasilis, Dimitrios"]
[Black "Dvoirys, Semen"]
[Result "1/2-1/2"]
[WhiteElo "2456"]
[BlackElo "2552"]
[EventDate "2003.05.30"]
[PlyCount "54"]

1.e4 c5 2.Nf3 d6 3.d4 cxd4 4.Nxd4 Nf6 5.Nc3 a6 6.Be3 e5 7.Nb3 Be6 8.f3 
Nbd7 9.g4 Be7 10.Qd2 Nb6 11.O-O-O O-O 12.Kb1 Qc7 13.g5 Nh5 14.Rg1 d5 15.
exd5 Nxd5 16.Nxd5 Bxd5 17.Qf2 Qc6 18.Na5 Bxa2+ 19.Kxa2 Qa4+ 20.Kb1 Qxa5 
21.Rd7 Rad8 22.Rxe7 Rd1+ 23.Bc1 Rxc1+ 24.Kxc1 Qa1+ 25.Kd2 Qa5+ 26.Kc1 Qa1+
27.Kd2 Qa5+ 1/2-1/2

[Event "4th EUR-ch"]
[Site "Istanbul TUR"]
[Date "2003.06.06"]
[Round "7.75"]
[White "Stevic, Hrvoje"]
[Black "Wells, Peter"]
[Result "1-0"]
[WhiteElo "2550"]
[BlackElo "2487"]
[EventDate "2003.05.30"]
[PlyCount "71"]

1.e4 c5 2.Nf3 Nc6 3.Nc3 d6 4.Bb5 e5 5.d3 h6 6.O-O g6 7.Nd5 a6 8.Bxc6+ bxc6
9.Ne3 Bg7 10.Bd2 Be6 11.b4 cxb4 12.Bxb4 Ne7 13.Nd2 a5 14.Ba3 O-O 15.Ndc4 
Nc8 16.Bb2 Qc7 17.d4 Nb6 18.Nxb6 Qxb6 19.d5 cxd5 20.exd5 Bd7 21.Ba3 Qa6 
22.Qd3 f5 23.Rfc1 e4 24.Qxa6 Rxa6 25.Rab1 Rc8 26.g3 Bc3 27.Rb7 Ba4 28.h4 
Bd2 29.h5 Bxe3 30.fxe3 gxh5 31.c4 Be8 32.Rf1 Rxc4 33.Bb2 Rb4 34.Rg7+ Kh8 
35.Bc3 Bb5 36.Rxf5 1-0

[Event "4th EUR-ch"]
[Site "Istanbul TUR"]
[Date "2003.06.06"]
[Round "7.76"]
[White "Kupreichik, Viktor"]
[Black "Jaracz, Pawel"]
[Result "1-0"]
[WhiteElo "2484"]
[BlackElo "2549"]
[EventDate "2003.05.30"]
[PlyCount "54"]

1.e4 c5 2.Nf3 d6 3.d4 cxd4 4.Nxd4 Nf6 5.Nc3 a6 6.Bg5 Nbd7 7.f4 e6 8.Qf3 
Qc7 9.O-O-O Be7 10.g4 h6 11.Bxf6 Bxf6 12.h4 Qb6 13.Nde2 Be7 14.g5 Nf8 15.
Rg1 hxg5 16.hxg5 Ng6 17.Qg3 Rh5 18.Nd4 e5 19.Nd5 Qd8 20.Nxe7 Qxe7 21.f5 
Nf8 22.Be2 Rh8 23.Nb3 Bd7 24.Na5 Bb5 25.Nc4 Bxc4 26.Bxc4 O-O-O 27.Qb3 Nd7 
1-0

[Event "4th EUR-ch"]
[Site "Istanbul TUR"]
[Date "2003.06.06"]
[Round "7.78"]
[White "Zueger, Beat"]
[Black "Banikas, Hristos"]
[Result "1/2-1/2"]
[WhiteElo "2448"]
[BlackElo "2542"]
[EventDate "2003.05.30"]
[PlyCount "92"]

1.c4 c5 2.g3 g6 3.Bg2 Bg7 4.e3 Nf6 5.Nc3 O-O 6.Nge2 Nc6 7.O-O d6 8.d3 Bd7 
9.b3 a6 10.Bb2 Rb8 11.Qd2 b5 12.Nd5 Ne8 13.Bxg7 Nxg7 14.cxb5 axb5 15.d4 e6
16.Ndc3 cxd4 17.Nxd4 Nxd4 18.Qxd4 d5 19.e4 b4 20.Na4 Bxa4 21.bxa4 dxe4 22.
Qxd8 Rfxd8 23.Bxe4 Rd6 24.Rfc1 Nf5 25.Rab1 Ra6 26.Bc6 Rc8 27.Bb5 Rxc1+ 28.
Rxc1 Rd6 29.a5 Nd4 30.Bf1 Rd5 31.a6 Ra5 32.Rc4 Nf3+ 33.Kg2 Ne1+ 34.Kg1 
Rxa2 35.Rxb4 Ra1 36.Rb7 Kg7 37.a7 Nf3+ 38.Kg2 Ne5 39.Rc7 g5 40.h3 h5 41.
Be2 g4 42.hxg4 hxg4 43.Rc5 Kf6 44.Rc7 Kf5 45.Bd1 Ke4 46.Bxg4 Nxg4 1/2-1/2

[Event "4th EUR-ch"]
[Site "Istanbul TUR"]
[Date "2003.06.06"]
[Round "7.79"]
[White "Tzermiadianos, Andreas"]
[Black "Brynell, Stellan"]
[Result "0-1"]
[WhiteElo "2428"]
[BlackElo "2534"]
[EventDate "2003.05.30"]
[PlyCount "41"]

1.e4 e6 2.d4 d5 3.Nd2 c5 4.Ngf3 Nc6 5.exd5 exd5 6.Bb5 Bd6 7.dxc5 Bxc5 8.
O-O Ne7 9.Nb3 Bb6 10.Re1 O-O 11.c3 Bf5 12.Be3 Be4 13.Nfd4 Re8 14.a4 a6 15.
Nxc6 Nxc6 16.Bf1 a5 17.Nd2 Bg6 18.Bxb6 Qxb6 19.Qc1 Bf5 20.Rxe8+ Rxe8 21.b4
0-1

[Event "4th EUR-ch"]
[Site "Istanbul TUR"]
[Date "2003.06.06"]
[Round "7.80"]
[White "Godena, Michele"]
[Black "Tratar, Marko"]
[Result "1-0"]
[WhiteElo "2527"]
[BlackElo "2464"]
[EventDate "2003.05.30"]
[PlyCount "55"]

1.e4 c5 2.Nf3 d6 3.Bc4 Nf6 4.d3 Nc6 5.c3 g6 6.O-O Bg7 7.Bb3 O-O 8.Re1 Bg4 
9.Nbd2 Rc8 10.h3 Bd7 11.Nf1 Na5 12.Bc2 Qc7 13.Bg5 h6 14.Bh4 Rfe8 15.Ne3 
Be6 16.Bg3 Qb6 17.Qc1 Nc6 18.a3 d5 19.exd5 Bxd5 20.Nxd5 Nxd5 21.Nd2 Qd8 
22.Bb3 Qd7 23.Ne4 Ne5 24.Ba2 Qf5 25.Qc2 Nb6 26.Rad1 Red8 27.Re3 c4 28.d4 
1-0

[Event "4th EUR-ch"]
[Site "Istanbul TUR"]
[Date "2003.06.06"]
[Round "7.82"]
[White "Bartel, Mateusz"]
[Black "Inarkiev, Ernesto"]
[Result "1-0"]
[WhiteElo "2443"]
[BlackElo "2568"]
[EventDate "2003.05.30"]
[PlyCount "118"]

1.e4 g6 2.d4 Bg7 3.Nf3 d6 4.Bc4 c6 5.Bb3 Nf6 6.Nbd2 O-O 7.O-O Nfd7 8.Re1 
b5 9.a4 Bb7 10.Nf1 Nb6 11.a5 N6d7 12.Bg5 h6 13.Bh4 Na6 14.Qe2 c5 15.c3 Nc7
16.Rad1 Qe8 17.Bg3 c4 18.Bc2 Nf6 19.e5 dxe5 20.Bxe5 Ncd5 21.Ng3 Qc6 22.h4 
h5 23.Ne4 Rae8 24.Nc5 Ba8 25.Qf1 Bh6 26.Bg3 Nf4 27.Ne4 Qa6 28.Neg5 Bxf3 
29.Nxf3 Qxa5 30.Ng5 N4d5 31.Qe2 Qb6 32.Qf3 e6 33.Be5 Bg7 34.Qg3 Rd8 35.Re2
Rd7 36.Rde1 Re8 37.Nxf7 Rxf7 38.Bxg6 Qb7 39.Bxf6 Nxf6 40.Bxf7+ Kxf7 41.Re5
Bh6 42.Rc5 Re7 43.f3 a6 44.Qd6 Bf8 45.Qf4 Bg7 46.Rxh5 Kg8 47.Rg5 Nh7 48.
Rg4 Qd5 49.Qb8+ Nf8 50.Qc8 Qb7 51.Qc5 Rf7 52.h5 Kh7 53.Qg5 Rf5 54.Qh4 Qf7 
55.Rg5 Qf6 56.Rg4 Qxh4 57.Rxh4 a5 58.Kf2 Bf6 59.Reh1 b4 1-0

[Event "4th EUR-ch"]
[Site "Istanbul TUR"]
[Date "2003.06.06"]
[Round "7.83"]
[White "Vajda, Levente"]
[Black "Dzhakaev, Dzhakay"]
[Result "1-0"]
[WhiteElo "2592"]
[BlackElo "2465"]
[EventDate "2003.05.30"]
[PlyCount "87"]

1.e4 e6 2.d4 d5 3.Nd2 dxe4 4.Nxe4 Nd7 5.Nf3 Ngf6 6.Nxf6+ Nxf6 7.c3 c5 8.
Be2 cxd4 9.Qxd4 Qxd4 10.Nxd4 Bd7 11.Bf4 O-O-O 12.O-O-O Nd5 13.Bg3 Ba4 14.
Rd3 Be7 15.b3 Be8 16.Bf3 Bg5+ 17.Kb2 Nf4 18.Rdd1 Bd7 19.h4 Bh6 20.a4 e5 
21.Nb5 Bxb5 22.axb5 f5 23.Bxf4 Bxf4 24.Bd5 Rhe8 25.g3 Bh6 26.Rhe1 g6 27.b4
e4 28.Kc2 Kb8 29.c4 Re7 30.h5 g5 31.g4 Rf8 32.Rd2 e3 33.Rxe3 Rxe3 34.fxe3 
fxg4 35.Rg2 Re8 36.Kd3 Bg7 37.Rxg4 h6 38.Rg2 Rf8 39.c5 Rf5 40.Be6 Rf1 41.
Rd2 Rb1 42.Ke4 Rxb4+ 43.Kf5 a5 44.b6 1-0

[Event "4th EUR-ch"]
[Site "Istanbul TUR"]
[Date "2003.06.06"]
[Round "7.84"]
[White "Socko, Bartosz"]
[Black "Olcayoz, Alper"]
[Result "1-0"]
[WhiteElo "2577"]
[BlackElo "2310"]
[EventDate "2003.05.30"]
[PlyCount "81"]

1.e4 c5 2.Nf3 d6 3.d4 cxd4 4.Nxd4 Nf6 5.Nc3 Nc6 6.Bg5 Bd7 7.Qd2 Rc8 8.Nxc6
Bxc6 9.f3 Qa5 10.O-O-O e6 11.Kb1 a6 12.Bf4 Rd8 13.g4 h6 14.h4 b5 15.Bd3 b4
16.Ne2 e5 17.Bh2 Qb6 18.g5 Nd7 19.Bc4 Qc5 20.Bxa6 Ra8 21.Bg1 Qa5 22.Bc4 
hxg5 23.Qxg5 Nf6 24.Nc1 Rh5 25.Qd2 g5 26.Be3 gxh4 27.Bg5 Nh7 28.Bxh4 Rh6 
29.Bb3 Nf6 30.Bg5 Rg6 31.Rh8 Ng8 32.Be3 Rd8 33.Qf2 Rd7 34.Rg1 Ne7 35.Bg5 
Rxg5 36.Rxg5 Ng6 37.Rg8 d5 38.Qg3 Qd8 39.R5xg6 fxg6 40.Qxg6+ Ke7 41.Qxc6 
1-0

[Event "4th EUR-ch"]
[Site "Istanbul TUR"]
[Date "2003.06.06"]
[Round "7.85"]
[White "Pogorelov, Ruslan"]
[Black "Marin, Mihail"]
[Result "1/2-1/2"]
[WhiteElo "2489"]
[BlackElo "2568"]
[EventDate "2003.05.30"]
[PlyCount "90"]

1.d4 Nf6 2.c4 c5 3.d5 d6 4.Nc3 g6 5.e4 Bg7 6.h3 O-O 7.Nf3 a6 8.a4 e6 9.Bd3
exd5 10.exd5 Re8+ 11.Be3 Nbd7 12.O-O Nh5 13.Bg5 f6 14.Bd2 f5 15.Be2 Nhf6 
16.Bf4 Nh5 17.Bg5 Bf6 18.Qd2 Ne5 19.Bxf6 Nxf6 20.Nh2 b6 21.f4 Nf7 22.Bf3 
h5 23.Rfe1 Ra7 24.Rxe8+ Qxe8 25.Re1 Re7 26.Rxe7 Qxe7 27.Qe2 Qxe2 28.Bxe2 
Bd7 29.Kf2 Kg7 30.Ke3 Kf8 31.Bd3 Ke7 32.Nf3 Nd8 33.Kf2 Kf8 34.Kg3 Kg7 35.
Nd2 Nb7 36.Kh4 Na5 37.Be2 Kh6 38.b3 Kg7 39.Bd1 Nb7 40.Nf1 Na5 41.Ne3 Kf7 
42.Bc2 Kg7 43.Kg5 Nh7+ 44.Kh4 Nf6 45.Kg5 Nh7+ 1/2-1/2

[Event "4th EUR-ch"]
[Site "Istanbul TUR"]
[Date "2003.06.06"]
[Round "7.86"]
[White "Areschenko, Alexander"]
[Black "Bayram, Yakup"]
[Result "1-0"]
[WhiteElo "2546"]
[BlackElo "2296"]
[EventDate "2003.05.30"]
[PlyCount "73"]

1.e4 e5 2.Nf3 Nf6 3.Nxe5 d6 4.Nf3 Nxe4 5.Bd3 Nf6 6.O-O Be7 7.h3 O-O 8.c3 
Nbd7 9.Bc2 Ne5 10.d4 Nxf3+ 11.Qxf3 Be6 12.Nd2 d5 13.Re1 Bd6 14.Nf1 Ne4 15.
Bxe4 dxe4 16.Qxe4 Bd5 17.Qf5 Bc6 18.Bg5 f6 19.Bf4 Be7 20.Qe6+ Rf7 21.Ne3 
g6 22.Qb3 b5 23.Rad1 Kg7 24.Rd3 Bd6 25.Nf5+ Kf8 26.Bxd6+ cxd6 27.Nh6 Rg7 
28.Re6 Rc7 29.Ng4 f5 30.Nf6 Rf7 31.d5 Bd7 32.Nxd7+ Qxd7 33.Qb4 Rd8 34.Rde3
a6 35.h4 Qc7 36.Qd4 Rg7 37.Qf6+ 1-0

[Event "4th EUR-ch"]
[Site "Istanbul TUR"]
[Date "2003.06.06"]
[Round "7.88"]
[White "Moor, Roger"]
[Black "Dervishi, Erald"]
[Result "0-1"]
[WhiteElo "2405"]
[BlackElo "2535"]
[EventDate "2003.05.30"]
[PlyCount "92"]

1.c4 e6 2.Nf3 d5 3.g3 Nf6 4.Bg2 Be7 5.cxd5 exd5 6.O-O O-O 7.d3 c5 8.d4 b6 
9.Nc3 Bb7 10.b3 Na6 11.Bb2 Nc7 12.Rc1 Ne6 13.e3 Rc8 14.Ne2 Ne4 15.Ne5 f5 
16.Nf4 Nxf4 17.exf4 cxd4 18.Qxd4 Rxc1 19.Bxc1 Ba6 20.Rd1 Bc5 21.Qxd5+ Qxd5
22.Rxd5 Bxf2+ 23.Kh1 Rc8 24.Bb2 h5 25.Nc4 Bc5 26.h3 Rc7 27.Kh2 Bf2 28.Rxf5
Bxg3+ 29.Kh1 Bb7 30.Re5 Nf2+ 31.Kg1 Nd3 32.Re8+ Kh7 33.Be5 Rd7 34.Bxb7 
Rxb7 35.f5 Nxe5 36.Nxe5 Bxe5 37.Rxe5 Rc7 38.Kf2 Rc2+ 39.Kg3 Rxa2 40.Kh4 
Rb2 41.Re7 a5 42.f6 Rxb3 43.Rb7 Rf3 44.Kg5 Rxf6 45.Kxh5 Rf5+ 46.Kg4 Rb5 
0-1

[Event "4th EUR-ch"]
[Site "Istanbul TUR"]
[Date "2003.06.06"]
[Round "7.90"]
[White "Atakisi, Umut"]
[Black "Meijers, Viesturs"]
[Result "1-0"]
[WhiteElo "2303"]
[BlackElo "2512"]
[EventDate "2003.05.30"]
[PlyCount "91"]

1.e4 c5 2.Nf3 e6 3.d4 cxd4 4.Nxd4 a6 5.Nc3 Qc7 6.Bd3 b5 7.O-O Bb7 8.a3 Nf6
9.Kh1 Bc5 10.Nb3 Be7 11.f4 d6 12.Qf3 Nbd7 13.Bd2 h5 14.Rae1 h4 15.Qh3 Rc8 
16.Nd4 Qb8 17.e5 dxe5 18.fxe5 Nxe5 19.Bf4 Nfd7 20.Nxe6 fxe6 21.Bg6+ Nxg6 
22.Bxb8 Rxb8 23.Qxe6 Nf6 24.Ne4 Bxe4 25.Rxe4 Kf8 26.c4 Rh5 27.Qxa6 bxc4 
28.Rxc4 Kg8 29.Rc8+ Rxc8 30.Qxc8+ Kh7 31.Rf5 Rh6 32.a4 Ng4 33.a5 N6e5 34.
Rxe5 Nxe5 35.Qf5+ Kg8 36.Qxe5 Rf6 37.Qd5+ Kf8 38.Qd3 Rd6 39.Qf5+ Ke8 40.g3
Rd1+ 41.Kg2 Rd2+ 42.Kh3 hxg3 43.hxg3 Rxb2 44.a6 Ra2 45.Qc8+ Kf7 46.Qc4+ 
1-0